00838nam a2200205 i 4500001000700000003000900007005001700016007000300033008004100036080002000077100003200097245010000129260011500229300002100344490006500365610006300430710003900493830006500532852003500597175280ES-MaACL20250806062545.0t|101019s1972 sp ||||1| spa d a061.238(460.27)1 aAguilar Piñal, Francisco.13aLa Real Sociedad Económica Matritense de Amigos del País / cpor Francisco Aguilar Piñal. aMadrid : bAyuntamiento de Madrid, Delegación de Educación : bInstituto de Estudios Madrileños, c1972. a33 p. ; c22 cm.1 aCiclo de conferencias sobre instituciones madrileñas ; v327aReal Sociedad Económica Matritense de Amigos del País.2 aInstituto de Estudios Madrileños0 aCiclo de conferencias sobre instituciones madrileñas ; v3 aES-MaACLj2259-F-3 xOlim P-54